| 000 | 00464nam a22001817a 4500 | ||
|---|---|---|---|
| 003 | MPLRDC | ||
| 005 | 20220104123739.0 | ||
| 008 | 210129b ||||| |||| 00| 0 eng d | ||
| 082 | _a177 LAK | ||
| 100 | _aALAN LAKEIN | ||
| 245 |
_a掌握你的时间与生命 _c陈卫平译 |
||
| 250 | _a六版 | ||
| 260 |
_a _b允晨文化实业股份有限 _c1984 |
||
| 300 | _b平 | ||
| 490 | _a允晨现代文库. 2 | ||
| 650 | _a应用心理学 | ||
| 942 |
_cBK _o177 LAK |
||
| 999 |
_c13868 _d13858 |
||